| 000 | 00561nam a2200217Ia 4500 | ||
|---|---|---|---|
| 999 |
_c164 _d164 |
||
| 003 | 0100 | ||
| 008 | 130227s9999 xx 000 0 und d | ||
| 040 | _cARRUPELIB | ||
| 050 | _aGN480.E78 | ||
| 100 |
_aEvans-Pritchard, Edward Evan _931671 |
||
| 245 | 4 | _aThe Divine kingship of the Shilluk of the Nilotic Sudan | |
| 260 |
_aCambridge _bCambridge University Press _c1948 |
||
| 300 | _a40p | ||
| 300 | _b 18cm | ||
| 650 |
_aShilluk (African people) _xKings and rulers _937768 |
||
| 650 |
_aEgyptian _937769 |
||
| 650 |
_aKingship _937770 |
||
| 942 |
_2lcc _cMONOGRAPH |
||